Redesigning of Multipurpose facility at the Copperbelt University using Polyurethane Sandwich Walls Panels and widespan Roofing Sheets (Record no. 55792)

MARC details
000 -LEADER
fixed length control field 00818nam a2200169 a 4500
008 - FIXED-LENGTH DATA ELEMENTS--GENERAL INFORMATION
fixed length control field 220808s2021 ||||||||||||||||| || u
050 ## - LIBRARY OF CONGRESS CALL NUMBER
Classification number CBU-UG THESIS/NKH
100 ## - MAIN ENTRY--PERSONAL NAME
Personal name Nkhoma, Abisum Gabriel
245 10 - TITLE STATEMENT
Title Redesigning of Multipurpose facility at the Copperbelt University using Polyurethane Sandwich Walls Panels and widespan Roofing Sheets
Statement of responsibility, etc. By Abisum Gabriel Nkhoma
260 ## - PUBLICATION, DISTRIBUTION, ETC.
Place of publication, distribution, etc. Kitwe
Name of publisher, distributor, etc. Copperbelt University
Date of publication, distribution, etc. 2021
300 ## - PHYSICAL DESCRIPTION
Extent [various pages] 49 pages : illustrations
500 ## - GENERAL NOTE
General note ACCOMPANIED BY CD
650 ## - SUBJECT ADDED ENTRY--TOPICAL TERM
Topical term or geographic name entry element MULTIPURPOSE FACILITY - COPPERBELT UNIVERSITY
650 ## - SUBJECT ADDED ENTRY--TOPICAL TERM
Topical term or geographic name entry element CIVIL ENGINEERING AND CONSTRUCTION
650 ## - SUBJECT ADDED ENTRY--TOPICAL TERM
Topical term or geographic name entry element POLYURETHANE SANDWICH WALL PANELS - CBU
995 ## - RECOMMENDATION 995 [LOCAL, UNIMARC FRANCE]
-- CBU-MAIN LIBRARY (Kitwe)
-- 1
-- AVAILABLE
-- Aug 11, 2022
-- University Collection
Holdings
Withdrawn status Lost status Source of classification or shelving scheme Damaged status Not for loan Home library Current library Shelving location Date acquired Total Checkouts Full call number Barcode Date last seen Price effective from Koha item type
          CBU-MAIN LIBRARY, KITWE. CBU-MAIN LIBRARY, KITWE.   11/30/2022   CBU-UG THESIS/NKH B4968 11/30/2022 11/30/2022 MONOGRAPH